[Event "18th Asian-ch"]
[Site "New Delhi IND"]
[Date "2022.10.26"]
[Round "1.1"]
[White "Atabaev, Saparmyrat"]
[Black "Praggnanandhaa, Rameshbabu"]
[Result "1/2-1/2"]
[WhiteElo "2433"]
[BlackElo "2687"]
[EventDate "2022.10.26"]
[PlyCount "113"]

1.e4 c5 2.Nf3 Nc6 3.d4 cxd4 4.Nxd4 Nf6 5.Nc3 d6 6.Bg5 e6 7.Qd2 a6 8.O-O-O 
Bd7 9.f3 Be7 10.g4 h5 11.gxh5 Nxh5 12.Nxc6 Bxc6 13.Bxe7 Qxe7 14.Qxd6 Qxd6 
15.Rxd6 Ng3 16.Rg1 Nxf1 17.Rxf1 Rxh2 18.Rd2 Rh3 19.Rg2 g6 20.Kd2 Ke7 21.
Ke3 b5 22.a3 Rc8 23.Ne2 e5 24.Rg5 Kf6 25.Rg2 Rch8 26.Rd1 Ke6 27.Nc1 Rh2 
28.Rdd2 Rxg2 29.Rxg2 Rh6 30.Nd3 a5 31.Nc5+ Ke7 32.Nd3 Ke6 33.Nc5+ Kd6 34.
Nb3 a4 35.Rd2+ Ke7 36.Na5 Bd7 37.c4 f6 38.c5 Rh8 39.c6 Be6 40.c7 Bd7 41.
Rc2 Rc8 42.Nc6+ Kd6 43.Nd8 Be8 44.Nb7+ Kd7 45.Nc5+ Kxc7 46.Nxa4+ Bc6 47.
Nc3 Kd7 48.Rh2 Ke6 49.Rh6 Rg8 50.Kd3 f5 51.exf5+ Kxf5 52.Ke3 Rf8 53.Rh7 
Ke6 54.Ne4 Bxe4 55.fxe4 b4 56.a4 Ra8 57.Rb7 1/2-1/2

[Event "18th Asian-ch"]
[Site "New Delhi IND"]
[Date "2022.10.26"]
[Round "1.2"]
[White "Narayanan, Sunilduth Lyna"]
[Black "Harshavardhan, G. B."]
[Result "1-0"]
[WhiteElo "2663"]
[BlackElo "2433"]
[EventDate "2022.10.26"]
[PlyCount "97"]

1.d4 Nf6 2.c4 e6 3.Nc3 Bb4 4.e3 b6 5.Ne2 Ba6 6.a3 Bxc3+ 7.Nxc3 d5 8.Qf3 c6
9.b3 O-O 10.Be2 Nbd7 11.O-O Rc8 12.a4 e5 13.Rd1 Re8 14.Bf1 Qc7 15.Qg3 Nh5 
16.Qh4 Nhf6 17.Ba3 dxc4 18.bxc4 exd4 19.exd4 Nf8 20.Qg3 Qxg3 21.hxg3 Ne6 
22.a5 bxa5 23.Bc1 Rc7 24.Rxa5 Bc8 25.d5 Nd8 26.d6 Rd7 27.Ba3 a6 28.c5 Ra7 
29.Bb4 Nb7 30.Raa1 a5 31.Ba3 Be6 32.Rdb1 Nd7 33.Na4 h6 34.Rb2 Bf5 35.f3 h5
36.Kf2 Kf8 37.Be2 g6 38.Rc1 Nd8 39.Rh1 Kg8 40.g4 hxg4 41.fxg4 Be4 42.Rb3 
Nf8 43.Rbh3 f6 44.Rh8+ Kg7 45.R1h7+ Nxh7 46.Rxe8 Bc2 47.Re7+ Kh6 48.Rxa7 
Bxa4 49.Ra8 1-0

[Event "18th Asian-ch"]
[Site "New Delhi IND"]
[Date "2022.10.26"]
[Round "1.3"]
[White "Nigmatov, Ortik"]
[Black "Yakubboev, Nodirbek"]
[Result "1/2-1/2"]
[WhiteElo "2433"]
[BlackElo "2663"]
[EventDate "2022.10.26"]
[PlyCount "60"]

1.e4 e6 2.d4 d5 3.Nc3 Nc6 4.exd5 exd5 5.Nf3 Bb4 6.Bb5 Ne7 7.Ne5 O-O 8.Nxc6
bxc6 9.Bd3 Nf5 10.O-O Qh4 11.Ne2 Bd6 12.g3 Qf6 13.Bf4 Nh4 14.f3 Bxf4 15.
Nxf4 Qxd4+ 16.Kh1 Qe5 17.Qe1 Qd6 18.Nxd5 cxd5 19.gxh4 Qf6 20.Qg3 c5 21.b3 
Re8 22.Qg5 Re5 23.Qxf6 gxf6 24.Rg1+ Kh8 25.f4 Re7 26.Rae1 Re6 27.Kg2 Bd7 
28.Kf2 Rae8 29.Rd1 d4 30.Rg3 Bc6 1/2-1/2

[Event "18th Asian-ch"]
[Site "New Delhi IND"]
[Date "2022.10.26"]
[Round "1.4"]
[White "Sethuraman, Panayapan"]
[Black "Sattarov, Bobir"]
[Result "1-0"]
[WhiteElo "2645"]
[BlackElo "2433"]
[EventDate "2022.10.26"]
[PlyCount "149"]

1.d4 Nf6 2.c4 e6 3.Nc3 Bb4 4.Nf3 O-O 5.Bg5 c5 6.Rc1 cxd4 7.Nxd4 h6 8.Bh4 
d5 9.e3 e5 10.Nf3 d4 11.exd4 exd4 12.Qxd4 Re8+ 13.Be2 Qe7 14.O-O Nc6 15.
Qe3 Qf8 16.Qd3 Bxc3 17.bxc3 Ne4 18.Rfe1 Bg4 19.h3 Bh5 20.Bf1 Bg6 21.Qd1 
Nc5 22.Qd2 Be4 23.Nd4 Ne5 24.Bg3 Qd6 25.Re3 f6 26.Rce1 Bc6 27.Qc2 Ba4 28.
Qb1 b6 29.Nf5 Qf8 30.Bxe5 Rxe5 31.Rxe5 fxe5 32.Rxe5 Re8 33.Qe1 Qxf5 34.
Rxe8+ Bxe8 35.Qxe8+ Kh7 36.Qe3 Qb1 37.Qd2 a5 38.g4 a4 39.Kg2 a3 40.Qd6 Qb2
41.Qc6 Kh8 42.Qc8+ Kh7 43.Qf5+ Kg8 44.Kh2 Qxc3 45.Bg2 Qf6 46.Bd5+ Kf8 47.
Qc8+ Ke7 48.Qc7+ Nd7 49.Kg2 Qd6 50.Qc8 Kf6 51.Qd8+ Qe7 52.Qc7 g5 53.Qc6+ 
Ke5 54.Qxh6 Qf6 55.Qh7 Kd6 56.Qd3 Qb2 57.Qg6+ Qf6 58.Qe8 Qe7 59.Qa8 Ke5 
60.Bc6 Nf8 61.Qb8+ Kd4 62.Qxb6+ Kxc4 63.Qb3+ Kd4 64.Bf3 Ne6 65.Qe3+ Kc4 
66.Be2+ Kd5 67.Bf3+ Kc4 68.Be2+ Kd5 69.Qb3+ Kd4 70.Qd3+ Ke5 71.Qc3+ Kd6 
72.Qxa3+ Nc5 73.Bf3 Qf6 74.Qb4 Qe5 75.Qb8+ 1-0

[Event "18th Asian-ch"]
[Site "New Delhi IND"]
[Date "2022.10.26"]
[Round "1.5"]
[White "Moksh Amit, Doshi"]
[Black "Aryan Chopra"]
[Result "1/2-1/2"]
[WhiteElo "2430"]
[BlackElo "2629"]
[EventDate "2022.10.26"]
[PlyCount "69"]

1.d4 Nf6 2.c4 g6 3.g3 Bg7 4.Bg2 O-O 5.Nc3 d6 6.Nf3 c5 7.O-O Nc6 8.dxc5 
dxc5 9.Be3 Qa5 10.Qb3 Qb4 11.Qxb4 cxb4 12.Nd5 Ne4 13.Nd2 Nxd2 14.Bxd2 a5 
15.Nb6 Ra6 16.Nxc8 Rxc8 17.Rab1 Rb6 18.Rfd1 b3 19.axb3 Rxb3 20.Bxc6 Rxc6 
21.Bxa5 f5 22.Rd3 Rxb2 23.Rxb2 Bxb2 24.Rb3 Bf6 25.Rxb7 Rxc4 26.Rc7 Rxc7 
27.Bxc7 Kf7 28.Kg2 Ke6 29.Kf3 Kd5 30.Bd8 h5 31.h4 Ke5 32.Bc7+ Kd5 33.Bd8 
Ke5 34.Bc7+ Kd5 35.Bd8 1/2-1/2

[Event "18th Asian-ch"]
[Site "New Delhi IND"]
[Date "2022.10.26"]
[Round "1.6"]
[White "Aravindh, Chithambaram"]
[Black "Sammed Jaykumar, Shete"]
[Result "1-0"]
[WhiteElo "2625"]
[BlackElo "2408"]
[EventDate "2022.10.26"]
[PlyCount "71"]

1.d4 Nf6 2.Bg5 d5 3.e3 c5 4.Bxf6 gxf6 5.dxc5 Qa5+ 6.Nc3 e6 7.Qd4 Qxc5 8.
Qxf6 Rg8 9.Qd4 Qc7 10.Bb5+ Nc6 11.Nf3 Bd7 12.Qh4 h6 13.O-O Be7 14.Qh5 
O-O-O 15.Rfd1 Be8 16.Ne2 f5 17.Qh3 Rg4 18.c4 dxc4 19.Nf4 Rd6 20.Qxh6 e5 
21.Qh8 Qd8 22.Rxd6 Bxd6 23.h3 exf4 24.hxg4 fxg4 25.Bxc6 bxc6 26.Nd4 g3 27.
exf4 gxf2+ 28.Kxf2 Bc5 29.Rd1 Kb7 30.Kg3 Qd7 31.Qe5 Kb6 32.Rd2 Qf7 33.Ne6 
Qg6+ 34.Kf3 Bg1 35.Rd1 Bh2 36.Qb8+ 1-0

[Event "18th Asian-ch"]
[Site "New Delhi IND"]
[Date "2022.10.26"]
[Round "1.7"]
[White "Anuj, Shrivatri"]
[Black "Karthikeyan, Murali"]
[Result "0-1"]
[WhiteElo "2407"]
[BlackElo "2623"]
[EventDate "2022.10.26"]
[PlyCount "112"]

1.d4 Nf6 2.c4 g6 3.Nf3 Bg7 4.g3 c5 5.Bg2 cxd4 6.Nxd4 Nc6 7.Nc3 O-O 8.O-O 
Qa5 9.e3 d6 10.Bxc6 bxc6 11.Nxc6 Qc7 12.Nd5 Nxd5 13.cxd5 Re8 14.e4 Bh3 15.
Re1 e6 16.Bg5 h6 17.Bf4 g5 18.Be3 exd5 19.Qxd5 Be6 20.Qb5 a6 21.Qa4 Bxb2 
22.Rab1 Bg7 23.Bd4 Bxa2 24.Rbc1 Be6 25.Bxg7 Kxg7 26.Qd4+ Kh7 27.Nb4 Qd7 
28.Red1 a5 29.Nd5 Bxd5 30.Qxd5 Qe6 31.Qb7 Reb8 32.Qc6 Rc8 33.Qa4 Rxc1 34.
Rxc1 d5 35.exd5 Qxd5 36.Rd1 Qf5 37.h3 Rc8 38.Kg2 Rc3 39.Qd4 Qf3+ 40.Kg1 
Rc4 41.Qxc4 Qxd1+ 42.Kg2 Qd7 43.g4 a4 44.Qe4+ Kg8 45.Qa8+ Kg7 46.Qf3 Qd4 
47.Qa3 Qd5+ 48.Kh2 Qb3 49.Qa1+ Kg6 50.Qh8 a3 51.Qg8+ Kf6 52.Qh8+ Ke7 53.
Qe5+ Qe6 54.Qc7+ Kf6 55.Qa7 a2 56.Kg2 Qe4+ 0-1

[Event "18th Asian-ch"]
[Site "New Delhi IND"]
[Date "2022.10.26"]
[Round "1.8"]
[White "Zhumabaev, Rinat"]
[Black "Nitin, S."]
[Result "1/2-1/2"]
[WhiteElo "2620"]
[BlackElo "2407"]
[EventDate "2022.10.26"]
[PlyCount "62"]

1.d4 Nf6 2.c4 g6 3.Nc3 Bg7 4.e4 d6 5.Nf3 O-O 6.Be2 e5 7.O-O Nbd7 8.Be3 Qe7
9.dxe5 dxe5 10.Nd5 Qd8 11.Qc2 Ng4 12.Bg5 f6 13.Bd2 c6 14.Nc3 Qe7 15.Rad1 
Nc5 16.h3 Nh6 17.b4 Ne6 18.c5 Nf7 19.Bc4 Kh8 20.Be3 Nf4 21.Bxf7 Qxf7 22.
Bxf4 exf4 23.Rd6 a5 24.a3 axb4 25.axb4 Ra3 26.Rc1 g5 27.Qd2 f5 28.exf5 
Bxf5 29.Nxg5 Qg8 30.h4 Be5 31.Kh2 Bxd6 1/2-1/2

[Event "18th Asian-ch"]
[Site "New Delhi IND"]
[Date "2022.10.26"]
[Round "1.9"]
[White "Amartuvshin, Ganzorig"]
[Black "Gupta, Abhijeet"]
[Result "1-0"]
[WhiteElo "2406"]
[BlackElo "2607"]
[EventDate "2022.10.26"]
[PlyCount "114"]

1.d4 Nf6 2.c4 g6 3.Nc3 d5 4.cxd5 Nxd5 5.e4 Nxc3 6.bxc3 Bg7 7.Be3 c5 8.Rc1 
O-O 9.Nf3 Bg4 10.Be2 Qa5 11.Qd2 Nd7 12.d5 b5 13.O-O Rad8 14.Bg5 Bf6 15.e5 
Bxf3 16.exf6 exf6 17.Bxf3 fxg5 18.Rfe1 Nb6 19.Qxg5 Qxa2 20.d6 Qa3 21.Qf6 
c4 22.Rcd1 Nd7 23.Qd4 Qc5 24.Re7 Qxd4 25.Rxd4 a6 26.g4 Kg7 27.Bc6 Nb8 28.
Bb7 Rfe8 29.Rd5 Rxe7 30.dxe7 Re8 31.Rd8 Rxe7 32.Rxb8 b4 33.Bc6 Re6 34.Ba4 
Re1+ 35.Kg2 b3 36.Bc6 Rc1 37.Bd5 Rxc3 38.Rb7 Kf8 39.Rxf7+ Ke8 40.Rxh7 Kd8 
41.Rb7 a5 42.h4 a4 43.h5 gxh5 44.g5 Rd3 45.Bxc4 Rd4 46.Be6 Re4 47.Bh3 Re7 
48.Rb8+ Kc7 49.Rb4 Re5 50.f4 Re2+ 51.Kf3 Rc2 52.Rxa4 Rc3+ 53.Kg2 h4 54.Rb4
Rg3+ 55.Kh2 Kd6 56.Bf5 Kc5 57.Rb8 Kd5 1-0

[Event "18th Asian-ch"]
[Site "New Delhi IND"]
[Date "2022.10.26"]
[Round "1.10"]
[White "Adhiban, Baskaran"]
[Black "Neelotpal, Das"]
[Result "1-0"]
[WhiteElo "2603"]
[BlackElo "2400"]
[EventDate "2022.10.26"]
[PlyCount "89"]

1.e4 e5 2.Nf3 Nc6 3.Bb5 a6 4.Ba4 Nf6 5.O-O b5 6.Bb3 Bc5 7.c3 d6 8.d4 Bb6 
9.h3 O-O 10.Be3 Bb7 11.Nbd2 h6 12.Re1 Re8 13.d5 Ne7 14.Bxb6 cxb6 15.Nf1 
Ng6 16.g3 Qd7 17.h4 Qh3 18.N3h2 Bc8 19.Qf3 Nf8 20.Qg2 g5 21.hxg5 hxg5 22.
Qxh3 Bxh3 23.Bc2 Bd7 24.Ne3 Kg7 25.Kg2 Ng6 26.Nf3 g4 27.Nd2 Rh8 28.a4 bxa4
29.Ndc4 Nh5 30.Rg1 Bb5 31.Nf5+ Kf6 32.Nfxd6 Bxc4 33.Nxc4 b5 34.Nb6 Ra7 35.
c4 Rb8 36.c5 Kg5 37.d6 Ng7 38.c6 Ne6 39.Nd5 Ngf8 40.c7 Re8 41.Rgc1 Nd7 42.
Bxa4 bxa4 43.c8=Q Rxc8 44.Rxc8 Rb7 45.Rg8+ 1-0

[Event "18th Asian-ch"]
[Site "New Delhi IND"]
[Date "2022.10.26"]
[Round "1.11"]
[White "Shahil, Dey"]
[Black "Puranik, Abhimanyu"]
[Result "1/2-1/2"]
[WhiteElo "2395"]
[BlackElo "2603"]
[EventDate "2022.10.26"]
[PlyCount "62"]

1.e4 e5 2.Nf3 Nc6 3.Bc4 Bc5 4.O-O Nf6 5.d3 d6 6.c3 a5 7.Re1 O-O 8.h3 h6 9.
Nbd2 Be6 10.Bb5 Qb8 11.Nf1 Qa7 12.Be3 Bxe3 13.Nxe3 a4 14.Qc2 Qa5 15.Bc4 
Bxc4 16.Nxc4 Qa6 17.Ne3 Rfe8 18.Rad1 Rad8 19.b4 axb3 20.axb3 b5 21.d4 exd4
22.Nd5 Nxd5 23.exd5 d3 24.Qxd3 Ne5 25.Nxe5 dxe5 26.c4 bxc4 27.bxc4 Qd6 28.
Qc3 e4 29.c5 Qe5 30.Qc4 Kh7 31.d6 cxd6 1/2-1/2

[Event "18th Asian-ch"]
[Site "New Delhi IND"]
[Date "2022.10.26"]
[Round "1.12"]
[White "Harsha, Bharathakoti"]
[Black "Hossain, Enamul"]
[Result "1/2-1/2"]
[WhiteElo "2582"]
[BlackElo "2390"]
[EventDate "2022.10.26"]
[PlyCount "60"]

1.d4 Nf6 2.c4 e6 3.Nf3 d5 4.Nc3 Bb4 5.Bg5 h6 6.Bxf6 Qxf6 7.e3 O-O 8.a3 
Bxc3+ 9.bxc3 c5 10.g4 cxd4 11.cxd4 Nc6 12.h4 Qd8 13.g5 h5 14.Nd2 g6 15.Bg2
Na5 16.cxd5 exd5 17.O-O Be6 18.Rc1 Qd7 19.Qf3 Rac8 20.Qf4 Bh3 21.Bxh3 Qxh3
22.e4 Nb3 23.Rxc8 Nxd2 24.Rxf8+ Kxf8 25.Qxd2 Qg4+ 26.Kh2 Qxh4+ 27.Kg1 Qg4+
28.Kh2 Qh4+ 29.Kg1 Qg4+ 30.Kh2 Qh4+ 1/2-1/2

[Event "18th Asian-ch"]
[Site "New Delhi IND"]
[Date "2022.10.26"]
[Round "1.13"]
[White "Tologon, Tegin Semetei"]
[Black "Vokhidov, Shamsiddin"]
[Result "0-1"]
[WhiteElo "2382"]
[BlackElo "2568"]
[EventDate "2022.10.26"]
[PlyCount "76"]

1.e4 c5 2.Nf3 d6 3.d4 cxd4 4.Nxd4 Nf6 5.Nc3 a6 6.a3 Nc6 7.Bc4 Bd7 8.Bg5 e6
9.Nxc6 Bxc6 10.Qe2 Be7 11.h4 b5 12.Bb3 Nd7 13.Qg4 Nf6 14.Qe2 h6 15.Bf4 a5 
16.Rd1 Qb8 17.Rh3 b4 18.Ba4 Qb7 19.Bxc6+ Qxc6 20.Qb5 Rc8 21.axb4 axb4 22.
Qxb4 d5 23.exd5 Nxd5 24.Qd4 Nxf4 25.Qxf4 Qxg2 26.Rf3 O-O 27.Ke2 Qg6 28.Rd2
Qh5 29.Rd7 Bxh4 30.Qe4 Bf6 31.Qd3 Rfd8 32.Kf1 Rxd7 33.Qxd7 Rd8 34.Qb7 Bxc3
35.bxc3 Qh1+ 36.Ke2 Qd1+ 37.Ke3 Qd2+ 38.Ke4 f5+ 0-1

[Event "18th Asian-ch"]
[Site "New Delhi IND"]
[Date "2022.10.26"]
[Round "1.14"]
[White "Visakh, N. R."]
[Black "Nurmamedov, Azat"]
[Result "0-1"]
[WhiteElo "2566"]
[BlackElo "2382"]
[EventDate "2022.10.26"]
[PlyCount "88"]

1.d4 Nf6 2.c4 e6 3.Bf4 Bb4+ 4.Nd2 d5 5.a3 Bd6 6.Bxd6 Qxd6 7.Ngf3 O-O 8.Rc1
Nbd7 9.Qc2 c6 10.e3 e5 11.dxe5 Nxe5 12.cxd5 Qxd5 13.Nxe5 Qxe5 14.Nf3 Qa5+ 
15.Qc3 Qxc3+ 16.Rxc3 Rd8 17.Bc4 Bg4 18.h3 Bxf3 19.gxf3 Rd6 20.Ke2 Rad8 21.
Rd3 Rxd3 22.Bxd3 Kf8 23.Bc4 Ke7 24.Rg1 g6 25.Rc1 h6 26.Ba2 Rd6 27.b4 g5 
28.Rc4 Nd5 29.Bb3 b5 30.Rc5 Nc7 31.Rc1 Na6 32.h4 gxh4 33.Rh1 c5 34.Rxh4 c4
35.Bc2 Nc7 36.Re4+ Re6 37.Kd2 Rxe4 38.fxe4 h5 39.Bd1 h4 40.Bg4 Ne8 41.Kc3 
Nf6 42.Bf5 Nd7 43.Kd4 Ne5 44.Bh3 Nd3 0-1

[Event "18th Asian-ch"]
[Site "New Delhi IND"]
[Date "2022.10.26"]
[Round "1.15"]
[White "Singh, Ojasva"]
[Black "Mendonca, Leon Luke"]
[Result "0-1"]
[WhiteElo "2382"]
[BlackElo "2558"]
[EventDate "2022.10.26"]
[PlyCount "94"]

1.e4 e6 2.d4 d5 3.Nc3 Bb4 4.e5 c5 5.a3 Bxc3+ 6.bxc3 Ne7 7.h4 Qc7 8.h5 h6 
9.Rb1 Nbc6 10.Qg4 Bd7 11.Qxg7 O-O-O 12.Nf3 f6 13.Qg3 Nf5 14.Qh2 cxd4 15.g4
fxe5 16.gxf5 dxc3 17.f6 Rhf8 18.Bb5 Rxf6 19.Bxc6 Bxc6 20.Nxe5 d4 21.Ng4 
Rf5 22.Qxc7+ Kxc7 23.Rh4 Rdd5 24.Bxh6 Rxh5 25.Bf4+ Kc8 26.Rxh5 Rxh5 27.Rb4
Rh4 28.Rxd4 Rxg4 29.Ke2 Bb5+ 30.Kf3 Rg1 31.Be5 Ra1 32.Rh4 Rxa3 33.Rh8+ Kd7
34.Rh7+ Kc6 35.Ke4 Ra4+ 36.Ke3 Ra2 37.f4 Rxc2 38.Rc7+ Kd5 39.Rxb7 a6 40.
Rc7 Re2+ 41.Kf3 c2 42.Bb2 Rh2 43.Rc8 Bc6 44.Ke3 Bb5 45.Kf3 Bc4 46.Ke3 Re2+
47.Kf3 Re1 0-1

[Event "18th Asian-ch"]
[Site "New Delhi IND"]
[Date "2022.10.26"]
[Round "1.16"]
[White "Iniyan, P."]
[Black "Laxman, Rajaram"]
[Result "1/2-1/2"]
[WhiteElo "2541"]
[BlackElo "2378"]
[EventDate "2022.10.26"]
[PlyCount "138"]

1.d4 Nf6 2.Nf3 e6 3.e3 b6 4.Bd3 Bb7 5.O-O c5 6.Qe2 Be7 7.Nbd2 cxd4 8.exd4 
O-O 9.Re1 Nc6 10.c3 Re8 11.Ne4 Nxe4 12.Qxe4 f5 13.Qf4 Bf6 14.Qg3 Ne7 15.
Bf4 Bxf3 16.Qxf3 Ng6 17.Bd6 Be7 18.Bg3 Bh4 19.d5 Bxg3 20.hxg3 Qf6 21.dxe6 
dxe6 22.Bb5 Red8 23.Qc6 e5 24.Qxf6 gxf6 25.Rad1 f4 26.gxf4 Nxf4 27.g3 Ng6 
28.Kg2 Kg7 29.Rh1 Rxd1 30.Rxd1 Rf8 31.Bc4 Re8 32.a4 f5 33.Kf3 h5 34.Ke3 
Re7 35.Rd5 h4 36.gxh4 Nxh4 37.a5 Ng2+ 38.Kf3 Nf4 39.Rb5 bxa5 40.Rxa5 Kf6 
41.Ke3 Rh7 42.b3 Rh3+ 43.f3 e4 44.Rxa7 Rxf3+ 45.Kd4 Ne6+ 46.Kd5 Nf4+ 47.
Kd4 Ne6+ 48.Kd5 Rf2 49.Ra6 Rd2+ 50.Kc6 Nf4 51.b4 e3 52.b5 e2 53.Bxe2 Rxe2 
54.b6 Re6+ 55.Kb5 Nd5 56.c4 Nxb6 57.Rxb6 f4 58.Rb8 Re1 59.Rf8+ Kg5 60.c5 
Kg4 61.c6 Rb1+ 62.Kc5 Rc1+ 63.Kd6 f3 64.c7 Rxc7 65.Kxc7 Kg3 66.Kd6 f2 67.
Kd5 Kg2 68.Ke4 f1=Q 69.Rxf1 Kxf1 1/2-1/2

[Event "18th Asian-ch"]
[Site "New Delhi IND"]
[Date "2022.10.26"]
[Round "1.17"]
[White "Saydaliev, Saidakbar"]
[Black "Pranav, V."]
[Result "1-0"]
[WhiteElo "2376"]
[BlackElo "2530"]
[EventDate "2022.10.26"]
[PlyCount "49"]

1.e4 c5 2.Nf3 d6 3.d4 cxd4 4.Nxd4 Nf6 5.Nc3 a6 6.Be3 e5 7.Nb3 Be6 8.f3 Be7
9.Qd2 Nbd7 10.g4 b5 11.g5 Nh5 12.O-O-O O-O 13.Nd5 Bxd5 14.exd5 b4 15.Kb1 
a5 16.Bb5 Nb8 17.Nc1 Qc8 18.Ne2 f5 19.f4 Nd7 20.Bxd7 Qxd7 21.fxe5 Rac8 22.
e6 Qb5 23.Ng3 f4 24.Nxh5 fxe3 25.Qd4 1-0

[Event "18th Asian-ch"]
[Site "New Delhi IND"]
[Date "2022.10.26"]
[Round "1.18"]
[White "Arjun Kalyan"]
[Black "Sanket, Chakravarty"]
[Result "0-1"]
[WhiteElo "2526"]
[BlackElo "2372"]
[EventDate "2022.10.26"]
[PlyCount "72"]

1.e4 c5 2.Nf3 e6 3.d4 cxd4 4.Nxd4 Nf6 5.Nc3 Nc6 6.Nxc6 bxc6 7.e5 Nd5 8.Ne4
Qc7 9.f4 Rb8 10.c4 Bb4+ 11.Ke2 O-O 12.cxd5 cxd5 13.Ng5 d6 14.Qd3 g6 15.a3 
Ba5 16.exd6 Qxd6 17.Kd1 e5 18.fxe5 Qxe5 19.Nf3 Qe8 20.b4 Bf5 21.Qb3 Bd7 
22.Qe3 Ba4+ 23.Kd2 Qc8 24.Qc3 Bc7 25.Bb2 d4 26.Nxd4 Rd8 27.Re1 Bb6 28.Re4 
Qb7 29.Qe3 Rbc8 30.Bd3 f5 31.Re7 Qxg2+ 32.Be2 Rc2+ 33.Kd3 Rxe2 34.Qxe2 
Bb5+ 35.Kc2 Bxe2 36.Rg1 Qxg1 0-1

[Event "18th Asian-ch"]
[Site "New Delhi IND"]
[Date "2022.10.26"]
[Round "1.19"]
[White "Dushyant, Sharma"]
[Black "Shyam Sundar, M."]
[Result "0-1"]
[WhiteElo "2370"]
[BlackElo "2518"]
[EventDate "2022.10.26"]
[PlyCount "152"]

1.e4 c5 2.Nf3 d6 3.d4 cxd4 4.Nxd4 Nf6 5.Nc3 Nc6 6.f4 g6 7.Nf3 Bg7 8.Bd3 
Qb6 9.Qe2 O-O 10.Qf2 Qxf2+ 11.Kxf2 Nb4 12.Ke2 Be6 13.Be3 Rfc8 14.a3 Nxd3 
15.cxd3 Nd7 16.Bd4 Bf8 17.h3 Nc5 18.Nd2 Bh6 19.Rhf1 f5 20.Rac1 fxe4 21.
dxe4 Nb3 22.Nxb3 Bxb3 23.Nd5 Rc4 24.Kd3 b5 25.Rc3 Rxc3+ 26.Kxc3 Bxd5 27.
exd5 Rc8+ 28.Kd3 Bg7 29.Bxa7 Bxb2 30.Rb1 Rc3+ 31.Ke4 Rc2 32.g3 Kf7 33.Bd4 
Bxd4 34.Kxd4 Rc4+ 35.Kd3 Ra4 36.Rb3 h5 37.Ke2 Kf6 38.Kf2 h4 39.Kf3 hxg3 
40.Kxg3 Kf5 41.Re3 Rxf4 42.Rxe7 Rd4 43.Rf7+ Kg5 44.h4+ Rxh4 45.Rd7 Ra4 46.
Rxd6 Rxa3+ 47.Kf2 Kf5 48.Rd8 b4 49.d6 Ke6 50.Rb8 Rb3 51.Rb6 g5 52.Kg2 g4 
53.Kh2 Rh3+ 54.Kg2 b3 55.Kf2 Rc3 56.Kf1 Rf3+ 57.Ke2 Kd7 58.Rb4 Rg3 59.Kf2 
Rh3 60.Rxg4 Rh1 61.Kg2 b2 62.Kxh1 b1=Q+ 63.Kg2 Kxd6 64.Rf4 Ke5 65.Rf3 Ke4 
66.Rf2 Qd1 67.Ra2 Kf4 68.Rf2+ Kg4 69.Kh2 Qe1 70.Kg2 Qc1 71.Kh2 Qc6 72.Rg2+
Kf3 73.Kg1 Qc1+ 74.Kh2 Qe1 75.Ra2 Qe5+ 76.Kh1 Qh8+ 0-1

[Event "18th Asian-ch"]
[Site "New Delhi IND"]
[Date "2022.10.26"]
[Round "1.20"]
[White "De Silva, L. M. S. T."]
[Black "Panda, Sambit"]
[Result "1/2-1/2"]
[WhiteElo "2516"]
[BlackElo "2362"]
[EventDate "2022.10.26"]
[PlyCount "88"]

1.e4 e5 2.Nf3 Nf6 3.Nxe5 d6 4.Nf3 Nxe4 5.c4 Nc6 6.Nc3 Nxc3 7.dxc3 g6 8.Be3
Bg7 9.Be2 Bf5 10.O-O O-O 11.Nd4 Be4 12.Nxc6 Bxc6 13.Bf3 Qh4 14.Bxc6 bxc6 
15.Qa4 c5 16.Rae1 f5 17.g3 Qd8 18.Qc6 Rb8 19.Bc1 f4 20.Re6 Be5 21.Qd5 Kg7 
22.Re1 g5 23.gxf4 gxf4 24.Kh1 Rf5 25.Rg1+ Rg5 26.Rxe5 Rxg1+ 27.Kxg1 dxe5 
28.Qxe5+ Kf7 29.Qxf4+ Kg8 30.Qg3+ Kf7 31.Bg5 Qd6 32.Qf3+ Kg8 33.Bf4 Qg6+ 
34.Bg3 Rxb2 35.Qd5+ Qf7 36.Qd8+ Kg7 37.Qg5+ Qg6 38.Qe7+ Qf7 39.Qe5+ Kg6 
40.h4 h5 41.Qe4+ Qf5 42.Qc6+ Qf6 43.Qe4+ Qf5 44.Qc6+ Qf6 1/2-1/2

[Event "18th Asian-ch"]
[Site "New Delhi IND"]
[Date "2022.10.26"]
[Round "1.21"]
[White "Krishna Teja, N."]
[Black "Sankalp, Gupta"]
[Result "1-0"]
[WhiteElo "2359"]
[BlackElo "2502"]
[EventDate "2022.10.26"]
[PlyCount "57"]

1.d4 Nf6 2.c4 e6 3.Nc3 Bb4 4.Qc2 Nc6 5.Nf3 d6 6.Bd2 O-O 7.a3 Bxc3 8.Bxc3 
Qe7 9.b4 e5 10.dxe5 Nxe5 11.Nxe5 dxe5 12.e3 b6 13.Be2 Bb7 14.O-O Qe6 15.f3
h5 16.Qb2 Rfe8 17.Be1 Nh7 18.a4 Qh6 19.Bd2 h4 20.a5 Qg6 21.e4 f5 22.exf5 
Qxf5 23.Qb1 Qd7 24.Be3 h3 25.a6 hxg2 26.Rd1 Qc8 27.axb7 Qxb7 28.Qe4 c6 29.
Rd6 1-0

[Event "18th Asian-ch"]
[Site "New Delhi IND"]
[Date "2022.10.26"]
[Round "1.22"]
[White "Pranav, Anand"]
[Black "Wagh, Suyog"]
[Result "1-0"]
[WhiteElo "2502"]
[BlackElo "2351"]
[EventDate "2022.10.26"]
[PlyCount "103"]

1.d4 Nf6 2.c4 e6 3.g3 d5 4.Nf3 Bb4+ 5.Bd2 Be7 6.Bg2 O-O 7.O-O Nbd7 8.Qc2 
c6 9.Bf4 b6 10.Nbd2 Ba6 11.Rac1 Nh5 12.Be3 h6 13.Rfd1 Bd6 14.a3 Qe7 15.b4 
Rfc8 16.Qb3 Rab8 17.Re1 Bb7 18.c5 Bc7 19.Qd3 Ra8 20.Nb3 bxc5 21.Nxc5 Nxc5 
22.bxc5 a5 23.Ne5 Ba6 24.Qc2 Qe8 25.a4 Rab8 26.Bd2 f6 27.Nf3 f5 28.Ne5 Nf6
29.Rb1 Ne4 30.Bf4 Rxb1 31.Rxb1 Rb8 32.Rxb8 Bxb8 33.f3 Nf6 34.Qd2 Bc7 35.
Bf1 Nh5 36.Be3 Nf6 37.Qc3 Qa8 38.Bd2 Qe8 39.Kf2 Nh7 40.h4 Nf8 41.Bf4 Qa8 
42.Qe3 Qb7 43.Bh3 Bd8 44.h5 Bf6 45.g4 fxg4 46.Bxg4 Qb4 47.Nxc6 Qxa4 48.
Bxe6+ Nxe6 49.Qxe6+ Kh8 50.Be5 Bxe5 51.Ne7 Bxd4+ 52.Kg2 1-0

[Event "18th Asian-ch"]
[Site "New Delhi IND"]
[Date "2022.10.26"]
[Round "1.23"]
[White "Sharan, Rao"]
[Black "Sengupta, Deep"]
[Result "1-0"]
[WhiteElo "2350"]
[BlackElo "2497"]
[EventDate "2022.10.26"]
[PlyCount "89"]

1.Nf3 d5 2.b3 c5 3.e3 Nf6 4.Bb2 a6 5.Be2 Nc6 6.d4 cxd4 7.Nxd4 Qc7 8.O-O e6
9.Nd2 Bd6 10.h3 Nxd4 11.Bxd4 e5 12.Bb2 b5 13.c4 bxc4 14.bxc4 Rb8 15.Ba3 
O-O 16.Bxd6 Qxd6 17.Nb3 Rd8 18.c5 Qc7 19.Rc1 Rb4 20.Qc2 a5 21.a3 Rh4 22.
Qc3 a4 23.Qa5 Ne8 24.Qxc7 Nxc7 25.Na5 Rh6 26.c6 Bf5 27.g4 Be6 28.Kh2 g5 
29.Kg3 f5 30.f4 fxg4 31.hxg4 d4 32.Nb7 Rb8 33.fxg5 Rg6 34.exd4 exd4 35.Rf6
Bb3 36.Rxg6+ hxg6 37.Bc4+ Kg7 38.Kf4 Re8 39.Nd6 Re3 40.Ne4 Bxc4 41.Rxc4 
Rxa3 42.Ke5 d3 43.Rd4 Na6 44.Rd7+ Kf8 45.Kf6 1-0

[Event "18th Asian-ch"]
[Site "New Delhi IND"]
[Date "2022.10.26"]
[Round "1.25"]
[White "Sidhant, Mohapatra"]
[Black "Suleymenov, Alisher"]
[Result "1/2-1/2"]
[WhiteElo "2343"]
[BlackElo "2491"]
[EventDate "2022.10.26"]
[PlyCount "137"]

1.Nf3 Nf6 2.c4 g6 3.Nc3 Bg7 4.g3 O-O 5.Bg2 d6 6.O-O Nc6 7.Rb1 a5 8.a3 e5 
9.d3 Re8 10.Bg5 h6 11.Bxf6 Bxf6 12.b4 axb4 13.axb4 Bg7 14.b5 Ne7 15.Nd2 e4
16.d4 e3 17.Nb3 Nf5 18.Nd5 exf2+ 19.Rxf2 c6 20.bxc6 bxc6 21.e4 cxd5 22.
exf5 Bxf5 23.Bxd5 Rb8 24.Rbb2 Re3 25.Nc1 Rxb2 26.Rxb2 Qe7 27.Ne2 Bg4 28.
Rb7 Bxe2 29.Rxe7 Bxd1 30.Rxe3 Bxd4 31.Kf2 Bg4 32.Bg2 Kg7 33.h3 Be6 34.Bf1 
Kf6 35.Kf3 Bxe3 36.Kxe3 Ke5 37.h4 Bc8 38.Bg2 Be6 39.Bf1 f5 40.Be2 Bf7 41.
Bf1 Be6 42.Be2 Bc8 43.Bf3 g5 44.hxg5 hxg5 45.Kd3 Be6 46.Bg2 Bf7 47.Bh3 Bg6
48.Kc3 f4 49.gxf4+ gxf4 50.Bg4 Be4 51.Bc8 f3 52.Bh3 Bg6 53.Bg4 Be4 54.Bh3 
Bf5 55.Bf1 f2 56.Bg2 Bg4 57.Kd3 Kf4 58.Bf1 Bf3 59.Kd4 Bc6 60.c5 d5 61.Be2 
Kg3 62.Ke5 Kg2 63.Kd6 Ba8 64.c6 d4 65.c7 Bb7 66.Ke5 f1=Q 67.Bxf1+ Kxf1 68.
c8=Q Bxc8 69.Kxd4 1/2-1/2

[Event "18th Asian-ch"]
[Site "New Delhi IND"]
[Date "2022.10.26"]
[Round "1.26"]
[White "Atabaev, Yusup"]
[Black "Viani, Antonio Dcunha"]
[Result "0-1"]
[WhiteElo "2490"]
[BlackElo "2342"]
[EventDate "2022.10.26"]
[PlyCount "110"]

1.e4 c5 2.Nc3 Nc6 3.b3 g6 4.Bb2 Bg7 5.f4 Nf6 6.e5 Nh5 7.Nh3 Bh6 8.g3 d6 9.
exd6 O-O 10.Bg2 exd6 11.O-O Nf6 12.Nf2 Bg7 13.Nd5 Nxd5 14.Bxg7 Kxg7 15.
Bxd5 Be6 16.Bg2 d5 17.c3 a5 18.Qf3 a4 19.Rae1 Qd6 20.f5 Bxf5 21.Qxd5 Qxd5 
22.Bxd5 Rfd8 23.Bxc6 bxc6 24.Ne4 axb3 25.axb3 Ra2 26.Rf2 Bxe4 27.Rxe4 
Rdxd2 28.Rxd2 Rxd2 29.Rc4 Rd5 30.b4 Kf6 31.h4 Ke5 32.Kg2 f5 33.Kf3 h6 34.
Ke3 g5 35.hxg5 hxg5 36.Ke2 Kd6 37.Ke3 Kc7 38.bxc5 Kd7 39.Ra4 Rxc5 40.c4 
Re5+ 41.Kd3 c5 42.Ra7+ Ke6 43.Ra6+ Kf7 44.Rc6 f4 45.gxf4 gxf4 46.Rh6 Re3+ 
47.Kd2 Re4 48.Kd3 Rd4+ 49.Kc3 f3 50.Rh1 f2 51.Rf1 Rf4 52.Kd3 Ke6 53.Ke2 
Ke5 54.Ke3 Rf8 55.Kd3 Rf3+ 0-1

[Event "18th Asian-ch"]
[Site "New Delhi IND"]
[Date "2022.10.26"]
[Round "1.27"]
[White "Avinash, Ramesh"]
[Black "Shyaamnikhil, P."]
[Result "1/2-1/2"]
[WhiteElo "2338"]
[BlackElo "2489"]
[EventDate "2022.10.26"]
[PlyCount "61"]

1.d4 Nf6 2.c4 e6 3.Nc3 Bb4 4.e3 d5 5.Bd2 O-O 6.Nf3 b6 7.cxd5 exd5 8.Bd3 c5
9.dxc5 bxc5 10.a3 Ba5 11.O-O Bg4 12.Na4 Bb6 13.b4 c4 14.Be2 Ne4 15.Nc3 Nc6
16.Be1 Nf6 17.h3 Be6 18.Nb5 Ne4 19.Nbd4 Nxd4 20.Nxd4 Qf6 21.Bf3 Bxd4 22.
Qxd4 Qxd4 23.exd4 Bf5 24.Bxe4 Bxe4 25.Bc3 f6 26.Rfe1 Rfe8 27.Re3 Bc2 28.
Rxe8+ Rxe8 29.Re1 Rxe1+ 30.Bxe1 Kf7 31.Bc3 1/2-1/2